[Event "Saint Louis Open"]
[Site "?"]
[Date "2010.04.11"]
[Round "5"]
[White "Manley, Charles"]
[Black "Hua, Margaret"]
[Result "0-1"]
[WhiteElo "827"]
[BlackElo "1777"]
[PlyCount "66"]
[EventDate "2010.??.??"]
[SourceDate "2010.04.10"]

1. d4 d5 2. c4 e6 3. Nc3 Nf6 4. Bg5 Be7 5. Nf3 h6 6. Bh4 Nbd7 7. e3 O-O 8. Rc1
b6 9. cxd5 Nxd5 10. Bxe7 Nxe7 11. Bd3 Bb7 12. O-O Rc8 13. Qe2 c6 14. Ba6 Qc7
15. Bxb7 Qxb7 16. Ne4 Qb8 17. Rfd1 f5 18. Ng3 Qd6 19. Rd3 Nd5 20. Ra3 Rc7 21.
Ra4 b5 22. Ra3 b4 23. Rb3 Rb8 24. e4 Ne7 25. e5 Qd5 26. Rd1 a5 27. a3 Qxb3 28.
Rd3 Qd5 29. a4 b3 30. h3 Nb6 31. Qd1 Nxa4 32. Qa1 Qc4 33. Rc3 Nxc3 0-1

[Event "Saint Louis Open"]
[Site "?"]
[Date "2010.04.11"]
[Round "5"]
[White "Vergilesov, Alex"]
[Black "Johnson, Kevin Dale"]
[Result "1-0"]
[WhiteElo "1846"]
[BlackElo "2000"]
[PlyCount "61"]
[EventDate "2010.??.??"]
[SourceDate "2010.04.10"]

1. e4 c5 2. Nf3 Nc6 3. Bb5 g6 4. Nc3 Bg7 5. d3 Nd4 6. Ba4 b5 7. Nxd4 cxd4 8.
Nxb5 a6 9. Na3 Qa5+ 10. c3 dxc3 11. O-O cxb2 12. Bxb2 Bxb2 13. Nc4 Qc3 14. Rb1
Rb8 15. Qe2 Nf6 16. e5 Nd5 17. e6 O-O 18. exd7 Nf4 19. Qxe7 Bb7 20. Rxb2 Qxd3
21. Rxb7 Qd5 22. f3 Rxb7 23. Nd6 Rbb8 24. Bb3 Qd2 25. Bxf7+ Kg7 26. Ne8+ Rfxe8
27. dxe8=N+ Kh6 28. Qf8+ Kg5 29. h4+ Kf5 30. Bb3+ Ke5 31. Qf6# 1-0

[Event "Saint Louis Open"]
[Site "?"]
[Date "2010.04.11"]
[Round "5"]
[White "Vibbert, Sean"]
[Black "Brooks, Michael A"]
[Result "0-1"]
[WhiteElo "2110"]
[BlackElo "2442"]
[PlyCount "82"]
[EventDate "2010.??.??"]
[SourceDate "2010.04.10"]

1. e4 e5 2. Nf3 Nc6 3. Bb5 a6 4. Ba4 Nf6 5. O-O Nxe4 6. d4 b5 7. Bb3 d5 8. dxe5
Be6 9. Nbd2 Nc5 10. c3 d4 11. Bxe6 fxe6 12. cxd4 Nxd4 13. Nxd4 Qxd4 14. Qh5+ g6
15. Qf3 Qd5 16. Qf6 Rg8 17. Nf3 Be7 18. Qf4 g5 19. Qg4 Qe4 20. Qxe4 Nxe4 21.
Be3 c5 22. a4 g4 23. Ne1 Rd8 24. axb5 axb5 25. Ra6 Nd2 26. Bxd2 Rxd2 27. Rxe6
Rg6 28. Rxg6 hxg6 29. b3 c4 30. bxc4 b4 31. g3 b3 32. Ng2 b2 33. Rb1 Bc5 34.
Nf4 Bd4 35. e6 g5 36. Nd5 Rc2 37. Kg2 Rxf2+ 38. Kh1 Rc2 39. Re1 Rc1 40. Nc7+
Ke7 41. Nd5+ Kd6 0-1

[Event "Saint Louis Open"]
[Site "?"]
[Date "2010.04.11"]
[Round "4"]
[White "Lodge, Matt"]
[Black "Vergilesov, Alex"]
[Result "0-1"]
[WhiteElo "1228"]
[BlackElo "1846"]
[PlyCount "36"]
[EventDate "2010.04.10"]
[SourceDate "2010.04.10"]

1. e4 e5 2. Nf3 Nc6 3. Bb5 Nf6 4. O-O d6 5. Re1 Bg4 6. c3 Be7 7. d4 exd4 8.
cxd4 O-O 9. h3 Bxf3 10. gxf3 h6 11. Bf4 Nh7 12. Kh1 Bh4 13. Qd2 Qf6 14. Rg1
Bxf2 15. Rg2 Bxd4 16. Bxh6 Qxf3 17. Bxc6 Qxh3+ 18. Rh2 Qf1# 0-1

[Event "Saint Louis Open"]
[Site "?"]
[Date "2010.04.10"]
[Round "3"]
[White "Hess, Peter"]
[Black "Thompson, Bill"]
[Result "1-0"]
[WhiteElo "1959"]
[BlackElo "1696"]
[PlyCount "109"]
[EventDate "2010.04.10"]
[SourceDate "2010.04.10"]

1. e4 c5 2. Nf3 d6 3. Bb5+ Nd7 4. c4 e6 5. Nc3 Ne7 6. d4 cxd4 7. Nxd4 Ng6 8.
O-O Be7 9. f4 O-O 10. f5 exf5 11. Nxf5 Nde5 12. Nxe7+ Qxe7 13. Nd5 Qh4 14. Qc2
Bd7 15. Bxd7 Nxd7 16. Bf4 Nxf4 17. Rxf4 Qd8 18. Raf1 Ne5 19. Qe2 Rc8 20. b3 b5
21. cxb5 Rb8 22. a4 Rb7 23. Qe3 Ng6 24. R4f3 Qa5 25. Qd4 Ne5 26. Rg3 Ng6 27.
Ne3 Qb6 28. Qxb6 Rxb6 29. Nc4 Rbb8 30. Nxd6 Rfd8 31. Nxf7 Rd2 32. Ng5 Ra2 33.
Ne6 Rc8 34. Nd4 Re8 35. Rc3 Nh4 36. Nc2 Rd8 37. g3 Ng6 38. Rf2 h6 39. Rc7 Ne5
40. Rxa7 Rd1+ 41. Kg2 Ng4 42. Re2 Rb2 43. Kh3 h5 44. Kh4 Rbb1 45. Kxh5 Nf6+ 46.
Kg6 Rd8 47. Rxg7+ Kh8 48. e5 Ng4 49. e6 Rf1 50. Rh7+ Kg8 51. Rf7 Rfd1 52. h3
R1d3 53. hxg4 Rxg3 54. Rg7+ Kh8 55. Rh2+ 1-0

[Event "Saint Louis Open"]
[Site "?"]
[Date "2010.04.10"]
[Round "2"]
[White "Manley, Charles"]
[Black "Noor, Taimoor"]
[Result "0-1"]
[WhiteElo "827"]
[BlackElo "1876"]
[PlyCount "88"]
[EventDate "2010.04.10"]
[SourceDate "2010.04.10"]

1. d4 Nf6 2. c4 g6 3. Nc3 Bg7 4. Nf3 d6 5. e3 O-O 6. Be2 Nbd7 7. O-O e5 8. dxe5
dxe5 9. e4 c6 10. Bg5 Qc7 11. Qc2 Nc5 12. b4 Ne6 13. Be3 Ng4 14. Bd2 Nd4 15.
Qc1 f5 16. exf5 Bxf5 17. h3 Nxe2+ 18. Nxe2 Bd3 19. Re1 Bxe2 20. Rxe2 e4 21.
Rxe4 Bxa1 22. Rxg4 Bg7 23. Bh6 Bxh6 24. Qxh6 Qg7 25. Qxg7+ Kxg7 26. h4 h5 27.
Rg5 Rf5 28. Rxf5 gxf5 29. Ne5 Rd8 30. a4 Rd1+ 31. Kh2 Ra1 32. b5 c5 33. Nd7 b6
34. Kg3 Rxa4 35. Ne5 Kf6 36. Kf4 Ra2 37. Nd3 Rc2 38. g4 Rxc4+ 39. Kg3 Rxg4+ 40.
Kh3 Rd4 41. Ne1 c4 42. Nc2 Rd2 43. Nb4 c3 44. Nc6 c2 0-1

[Event "Saint Louis Open"]
[Site "?"]
[Date "2010.04.11"]
[Round "5"]
[White "Miles, Kyle"]
[Black "Skidmore, Jennifer"]
[Result "0-1"]
[WhiteElo "1864"]
[BlackElo "1954"]
[PlyCount "122"]
[EventDate "2010.04.13"]
[SourceDate "2010.04.10"]

1. d4 d5 2. c4 e6 3. Nf3 c6 4. Nc3 dxc4 5. a4 Bb4 6. Bg5 Ne7 7. Qc2 f6 8. Bf4
b5 9. axb5 cxb5 10. e4 Bb7 11. Be2 a6 12. O-O O-O 13. Rad1 Nd7 14. Na2 Ba5 15.
b3 Ng6 16. Bg3 cxb3 17. Qxb3 Re8 18. e5 Bd5 19. Qa3 fxe5 20. dxe5 Bb6 21. Nc3
Bc5 22. Qb2 Bc6 23. h4 Qb6 24. h5 Ne7 25. Ng5 Nf5 26. Qd2 h6 27. Nge4 Nxg3 28.
Nxg3 Nxe5 29. Nce4 Be7 30. Qc3 Nf7 31. Bd3 Rac8 32. Qe1 Bd5 33. Nd2 Rc3 34. Qe2
Ng5 35. Nde4 Rxd3 36. Qxd3 Nxe4 37. Nxe4 Bc4 38. Qd7 Qb8 39. Rfe1 Bb4 40. Re3
Re7 41. Qd4 e5 42. Qb2 a5 43. Rg3 Rf7 44. Qc1 Kh7 45. Ng5+ hxg5 46. Qxg5 Be7
47. Qg6+ Kh8 48. Rd7 Qf8 49. h6 gxh6 50. Rh3 Rh7 51. Rf3 Qg7 52. Qe8+ Bg8 53.
Rc3 e4 54. Rc8 Qa1+ 55. Kh2 Qe5+ 56. g3 Qg5 57. Rxe7 Rxe7 58. Qf8 Qh5+ 59. Kg1
Rg7 60. Qf6 Qd1+ 61. Kh2 Qf3 0-1

[Event "Saint Louis Open"]
[Site "?"]
[Date "2010.04.11"]
[Round "5"]
[White "Voelker, Jim"]
[Black "Gurevich, Dmitry"]
[Result "0-1"]
[WhiteElo "2140"]
[BlackElo "2578"]
[PlyCount "118"]
[EventDate "2010.??.??"]
[SourceDate "2010.04.10"]

1. e4 c5 2. Nf3 d6 3. d4 cxd4 4. Nxd4 Nf6 5. Nc3 Nc6 6. Bc4 e6 7. Be3 a6 8. Qe2
Qc7 9. O-O-O Na5 10. Bd3 b5 11. g4 b4 12. Nb1 Bb7 13. f3 d5 14. Nd2 dxe4 15.
fxe4 Bc5 16. g5 Nd7 17. N2f3 Ne5 18. Nxe5 Qxe5 19. Nf3 Bxe3+ 20. Qxe3 Qc7 21.
Kb1 O-O 22. h4 Nc4 23. Qf2 Rac8 24. h5 f6 25. gxf6 Rxf6 26. Qe2 Na3+ 27. Ka1
Nxc2+ 28. Kb1 Qf4 29. Bxc2 Qxf3 30. Qxf3 Rxf3 31. Rd7 Rf7 32. Rhd1 Bc6 33. R7d6
Rf2 34. Bd3 Bb5 35. Bxb5 axb5 36. Rd8+ Rxd8 37. Rxd8+ Rf8 38. Rd4 Rf1+ 39. Kc2
Rh1 40. Rxb4 Rxh5 41. a4 bxa4 42. Rxa4 Rc5+ 43. Kd3 Kf7 44. Kd4 Rb5 45. b4 h5
46. Kc4 Rb8 47. b5 h4 48. Rb4 g5 49. Kd4 h3 50. Ke3 h2 51. Rb1 Rxb5 52. Rh1 Rb2
53. Kf3 Kf6 54. Kg4 Ke5 55. Kxg5 Rg2+ 56. Kh4 Kxe4 57. Kh3 Kf3 58. Ra1 Re2 59.
Rf1+ Rf2 0-1

[Event "Saint Louis Open"]
[Site "?"]
[Date "2010.04.11"]
[Round "4"]
[White "Cao, Kevin"]
[Black "Hess, Peter"]
[Result "0-1"]
[WhiteElo "2166"]
[BlackElo "1960"]
[PlyCount "120"]
[EventDate "2010.??.??"]
[SourceDate "2010.04.10"]

1. e4 e5 2. Nf3 Nc6 3. Bc4 Be7 4. d3 d6 5. Nc3 Bg4 6. Be3 Na5 7. Bb3 Nxb3 8.
axb3 a6 9. d4 exd4 10. Bxd4 Nf6 11. Qd3 O-O 12. Ne2 b5 13. Ng3 c5 14. Bc3 d5
15. h3 Bxf3 16. gxf3 dxe4 17. Qxd8 Bxd8 18. fxe4 Re8 19. f3 Nd5 20. Bd2 Bh4 21.
Kf2 Nc7 22. Rhg1 Red8 23. Ke2 Ne6 24. Nf5 Bf6 25. c3 g6 26. Nh6+ Kf8 27. f4 Bg7
28. f5 Rxd2+ 29. Kxd2 Bxh6+ 30. Kc2 Nc7 31. Rad1 Ke7 32. Rg4 Bg7 33. Rh4 Rh8
34. Rg4 Be5 35. Rc1 Ne8 36. Rg5 f6 37. Rg2 g5 38. Rd1 Nd6 39. Re2 h5 40. Kd3
Kd7 41. Ke3 Kc6 42. Kf3 Rg8 43. Rg1 Nf7 44. Rd2 Bf4 45. Rd5 Be5 46. Rd2 Nd6 47.
Re2 a5 48. Ree1 c4 49. Ra1 Kb6 50. bxc4 Nxc4 51. Ke2 Nxb2 52. Kd2 Na4 53. Ra3
Rd8+ 54. Kc2 Rc8 55. Kd3 Nxc3 56. Rb3 b4 57. Rc1 Rd8+ 58. Kc2 Bf4 59. Re1 Rd2+
60. Kc1 Ra2+ 0-1

[Event "Saint Louis Open"]
[Site "?"]
[Date "2010.04.11"]
[Round "4"]
[White "Brooks, Michael"]
[Black "Voelker, Jim"]
[Result "1/2-1/2"]
[WhiteElo "2442"]
[BlackElo "2140"]
[PlyCount "120"]
[EventDate "2010.??.??"]
[SourceDate "2010.04.10"]

1. e4 e5 2. Nf3 Nc6 3. Bb5 a6 4. Bxc6 dxc6 5. O-O f6 6. d4 exd4 7. Nxd4 c5 8.
Ne2 Qxd1 9. Rxd1 Bd6 10. Bf4 Bxf4 11. Nxf4 Ne7 12. Nc3 Bd7 13. Ncd5 Nxd5 14.
Nxd5 O-O-O 15. f3 Be6 16. Ne3 Rd4 17. a3 Rhd8 18. Kf2 b5 19. Ke2 Kb7 20. c3
R4d6 21. Rxd6 cxd6 22. a4 Rd7 23. axb5 axb5 24. b4 cxb4 25. cxb4 d5 26. exd5
Bxd5 27. Rd1 Be6 28. Rxd7+ Bxd7 29. Kd3 Be6 30. Kd4 Kc6 31. f4 Kd6 32. h4 g6
33. g4 h6 34. f5 Bf7 35. fxg6 Bxg6 36. Nd5 f5 37. gxf5 Bxf5 38. Nc3 Kc6 39. Ke5
Bg4 40. Nd5 h5 41. Nf4 Bf3 42. Ne6 Bg4 43. Nd4+ Kb6 44. Kd6 Bd1 45. Nf5 Bg4 46.
Ne3 Be2 47. Nd5+ Kb7 48. Kc5 Kc8 49. Nf4 Bf3 50. Kxb5 Kd7 51. Kc5 Ke7 52. b5
Kd7 53. Nd5 Ke6 54. Nb4 Kd7 55. Nc2 Bh1 56. Nb4 Kc7 57. Nc6 Kb7 58. Na5+ Kb8
59. Nc4 Kc7 60. Nb6 Bg2 1/2-1/2

[Event "Saint Louis Open"]
[Site "?"]
[Date "2010.04.10"]
[Round "2"]
[White "Coryea, Dan"]
[Black "Criss, Nathaniel"]
[Result "1/2-1/2"]
[WhiteElo "1800"]
[BlackElo "1940"]
[PlyCount "114"]
[EventDate "2010.??.??"]
[SourceDate "2010.04.10"]

1. d4 e6 2. Nf3 c5 3. e3 Nf6 4. Bd3 d5 5. b3 Be7 6. Nbd2 Nc6 7. a3 Qb6 8. dxc5
Bxc5 9. Bb2 Qc7 10. c4 a6 11. Qc2 Ba7 12. O-O Bd7 13. cxd5 Nxd5 14. Bxg7 Rg8
15. Be5 Nxe5 16. Nxe5 Qxe5 17. Nf3 Qg7 18. g3 Rc8 19. Qd2 Bc6 20. Rac1 Qg4 21.
Ne5 Qg5 22. Nxc6 Rxc6 23. Rxc6 bxc6 24. Be4 Qe5 25. Qc2 Qc3 26. Qxc3 Nxc3 27.
Bxc6+ Ke7 28. Kg2 Rb8 29. Rc1 Rxb3 30. a4 Bb8 31. Rc2 Ra3 32. Rd2 Bd6 33. Rd4
a5 34. Rh4 Bb4 35. Rxh7 Nxa4 36. Bf3 Ra2 37. Bh5 Nc3 38. Bxf7 Kf6 39. Bg8 Nd1
40. Rf7+ Kg6 41. Rf3 Be1 42. Bxe6 Rxf2+ 43. Rxf2 Bxf2 44. Bb3 Bxe3 45. Bxd1 Bd4
46. Kf3 Bb2 47. Ke4 Bf6 48. h4 Bxh4 49. gxh4 Kh7 50. Kf5 Kh8 51. Kg6 Kg8 52.
Ba4 Kh8 53. h5 Kg8 54. Bb3+ Kh8 55. Kh6 a4 56. Bxa4 Kg8 57. Bc2 Kh8 1/2-1/2

[Event "Saint Louis Open"]
[Site "?"]
[Date "2010.04.11"]
[Round "5"]
[White "Criss, Nathaniel"]
[Black "Jung, Hans"]
[Result "0-1"]
[WhiteElo "1940"]
[BlackElo "2147"]
[PlyCount "106"]
[EventDate "2010.??.??"]
[SourceDate "2010.04.10"]

1. d4 d5 2. c4 e6 3. Nc3 Nf6 4. Nf3 Bb4 5. Qa4+ Nc6 6. cxd5 exd5 7. Bg5 Bd7 8.
Qb3 Bg4 9. Ne5 Nxd4 10. Qa4+ Bd7 11. Nxd7 Qxd7 12. Qxd7+ Nxd7 13. O-O-O Bxc3
14. bxc3 Nb5 15. Rxd5 Nxc3 16. Rd3 Na4 17. Re3+ Kf8 18. Be7+ Kg8 19. Ba3 Nab6
20. Re7 Rd8 21. e3 c6 22. Bd3 Nc8 23. Re4 Nf6 24. Rd4 Rxd4 25. exd4 g6 26. Re1
Kg7 27. f3 Rd8 28. Bb2 Nd5 29. Bc4 Ncb6 30. Bb3 Rd7 31. g3 f6 32. Ba3 a5 33.
Bc5 Nc8 34. Re6 Kf7 35. Re2 b6 36. Ba3 Na7 37. Re4 Nb5 38. Bb2 Nd6 39. a4 Kg7
40. Re6 Nc7 41. Re2 Na6 42. Re6 Nb4 43. d5 Nxd5 44. Bxd5 cxd5 45. Rxf6 Kg8 46.
Bd4 b5 47. axb5 Nxb5 48. Bb2 Rd6 49. Rf4 Rc6+ 50. Kd2 Rc4 51. Rf6 d4 52. Ra6
Rb4 53. Bc1 a4 0-1

[Event "Saint Louis Open"]
[Site "?"]
[Date "2010.04.11"]
[Round "5"]
[White "Plagemann, Todd"]
[Black "Davidson, Robert"]
[Result "1-0"]
[WhiteElo "1932"]
[BlackElo "1846"]
[PlyCount "101"]
[EventDate "2010.??.??"]
[SourceDate "2010.04.10"]

1. e4 Nf6 2. e5 Nd5 3. d4 d6 4. c4 Nb6 5. exd6 exd6 6. Nc3 Nc6 7. Be3 Be7 8.
Bd3 O-O 9. Nge2 Bg4 10. O-O Re8 11. h3 Bh5 12. a3 a5 13. Nd5 Nxd5 14. cxd5 Nb8
15. Qc2 Bg6 16. Bxg6 hxg6 17. Qb3 Ra6 18. Qxb7 Rb6 19. Qa7 Rxb2 20. Nc3 c6 21.
Rab1 Rxb1 22. Rxb1 Bf6 23. Na4 cxd5 24. Qa8 Qc7 25. Qxd5 Nc6 26. Rc1 Rc8 27.
Qb5 d5 28. Qxd5 Be7 29. Qb5 Bxa3 30. Ra1 Rb8 31. Qc4 Qd6 32. Qd3 Bb4 33. Qe4
Rd8 34. Rd1 Ne7 35. Bf4 Qd5 36. Qc2 Rc8 37. Qe2 Qb3 38. Nb6 Rc6 39. Nd7 Re6 40.
Qf3 Qxf3 41. gxf3 Nd5 42. Bd2 Nc3 43. Bxc3 Bxc3 44. Nc5 Rd6 45. Ne4 Rc6 46. Rc1
a4 47. Rxc3 Rxc3 48. Nxc3 a3 49. Na2 Kf8 50. Kf1 Ke7 51. Ke2 1-0

[Event "Saint Louis Open"]
[Site "?"]
[Date "2010.04.10"]
[Round "2"]
[White "Finegold, Spencer"]
[Black "Sinquefield, Rex"]
[Result "1-0"]
[WhiteElo "1926"]
[BlackElo "1647"]
[PlyCount "59"]
[EventDate "2010.??.??"]
[SourceDate "2010.04.10"]

1. e4 c5 2. Nf3 g6 3. d4 cxd4 4. Nxd4 Nc6 5. c4 Nf6 6. Nc3 Nxd4 7. Qxd4 Bg7 8.
e5 Ng8 9. Bf4 e6 10. Nb5 Bf8 11. O-O-O a6 12. Nd6+ Bxd6 13. exd6 f6 14. Kb1 b6
15. h4 h5 16. Bd3 Bb7 17. Bxg6+ Kf8 18. Qd2 e5 19. Be3 Kg7 20. Qd3 Nh6 21. Bxh5
e4 22. Bxh6+ Rxh6 23. Qg3+ Kh7 24. Bg4 Qe8 25. Bf5+ Kh8 26. Qf4 Rh5 27. g4 Rxf5
28. gxf5 Qf7 29. Qh6+ Kg8 30. Rhg1+ 1-0

[Event "Saint Louis Open"]
[Site "?"]
[Date "2010.04.11"]
[Round "5"]
[White "Frank, Josh"]
[Black "Abrahamyan, Tatev"]
[Result "1/2-1/2"]
[WhiteElo "2021"]
[BlackElo "2369"]
[PlyCount "78"]
[EventDate "2010.??.??"]
[SourceDate "2010.04.10"]

1. Nf3 Nf6 2. g3 g6 3. Bg2 Bg7 4. O-O O-O 5. d3 d6 6. e4 c5 7. Nbd2 Nc6 8. Re1
Rb8 9. a4 a6 10. Qe2 Bg4 11. h3 Bxf3 12. Nxf3 Nd7 13. c3 b5 14. axb5 axb5 15.
Be3 Nb6 16. e5 dxe5 17. Bxc5 Qc7 18. Ra6 Rfd8 19. Ng5 Bf6 20. Ne4 Nd5 21. Nxf6+
exf6 22. Qd2 Na5 23. b4 Nb3 24. Qa2 Nxc5 25. bxc5 Qxc5 26. Ra7 b4 27. cxb4 Qxb4
28. Rc1 Qd4 29. Rc2 Qxd3 30. Kh2 e4 31. Rd2 Qb3 32. Qxb3 Rxb3 33. Bxe4 Rb5 34.
Ra3 Rd7 35. Rad3 Nc3 36. Rxd7 Nxe4 37. Re2 f5 38. g4 Nf6 39. Rd6 Kg7 1/2-1/2

[Event "Saint Louis Open"]
[Site "?"]
[Date "2010.04.11"]
[Round "5"]
[White "Gadson, Isiah"]
[Black "Harris, Peter"]
[Result "1-0"]
[WhiteElo "1963"]
[BlackElo "1585"]
[PlyCount "119"]
[EventDate "2010.??.??"]
[SourceDate "2010.04.10"]

1. d4 d5 2. Nf3 Nf6 3. Bf4 Bf5 4. e3 e6 5. Bd3 c6 6. O-O Be7 7. Bxf5 exf5 8.
Qd3 g6 9. Nbd2 Nbd7 10. b3 O-O 11. c4 Re8 12. Rac1 Rc8 13. h3 Nb6 14. Ne5 Nfd7
15. Ndf3 f6 16. Nxd7 Qxd7 17. Bh2 Rcd8 18. c5 Nc8 19. b4 a6 20. a4 Bf8 21. Nd2
Re6 22. Rb1 Ne7 23. Rb3 Ra8 24. Rfb1 Qd8 25. b5 axb5 26. axb5 Qa5 27. bxc6 bxc6
28. Rb7 Nc8 29. Bg3 Re7 30. Nb3 Qd8 31. Rxe7 Bxe7 32. Qd2 Qd7 33. Na5 Bd8 34.
Nb7 Bc7 35. Bxc7 Qxc7 36. g3 Rb8 37. Qb4 Ne7 38. Qb6 Qc8 39. Rb3 Kg7 40. Qa7
Ra8 41. Qb6 Rb8 42. Qa6 Qc7 43. Na5 Rxb3 44. Nxb3 Nc8 45. Na5 Ne7 46. Qb6 Qd7
47. Qb8 g5 48. Qd6 Qe8 49. Qe6 h5 50. Nxc6 Qxc6 51. Qxe7+ Kg6 52. Qa7 g4 53.
hxg4 hxg4 54. Qb6 Qa4 55. Qb1 Qc4 56. Qf1 Qc2 57. Qb5 Qe4 58. Kh2 Qe7 59. c6 f4
60. Qd3+ 1-0

[Event "Saint Louis Open"]
[Site "?"]
[Date "2010.04.10"]
[Round "2"]
[White "Thompson, Bill"]
[Black "Hendrickson, Nolan"]
[Result "1-0"]
[WhiteElo "1696"]
[BlackElo "1907"]
[PlyCount "115"]
[EventDate "2010.??.??"]
[SourceDate "2010.04.10"]

1. e4 c5 2. Nf3 d6 3. c3 Nf6 4. Bd3 e6 5. O-O Be7 6. Bc2 O-O 7. e5 dxe5 8. Nxe5
Qc7 9. Ng4 b6 10. Na3 Nbd7 11. Re1 Bb7 12. Bd3 Qc6 13. Bf1 Nxg4 14. Qxg4 f5 15.
Qh3 Rf6 16. d4 Rg6 17. Bf4 Rg4 18. d5 Qxd5 19. Rad1 Qc6 20. Rxe6 Qa4 21. Qd3
Qxf4 22. Qxd7 Qf3 23. Kh1 Rxg2 24. Qxb7 Qxb7 25. Bxg2 Qc7 26. Kg1 Rd8 27. Rde1
Bh4 28. c4 Qf4 29. R6e2 h6 30. Nb5 Qxc4 31. Nc7 Kh7 32. Ne6 Rd1 33. Nf8+ Kg8
34. Ng6 Rxe1+ 35. Rxe1 Bf6 36. Rd1 Bd4 37. Bd5+ Qxd5 38. Ne7+ Kf7 39. Nxd5 Bxb2
40. Re1 Bf6 41. Nc7 g5 42. Kg2 h5 43. f3 h4 44. Kh3 Bd8 45. Nb5 a6 46. Na7 Bf6
47. Nc8 b5 48. Nd6+ Kg6 49. Nb7 c4 50. Re6 b4 51. Rxa6 b3 52. axb3 cxb3 53. Rb6
b2 54. Nd6 g4+ 55. fxg4 f4 56. Ne4 b1=Q 57. Rxb1 f3 58. Rb6 1-0

[Event "Saint Louis Open"]
[Site "?"]
[Date "2010.04.11"]
[Round "4"]
[White "Rhee, William"]
[Black "Holliman, Bob"]
[Result "0-1"]
[WhiteElo "1995"]
[BlackElo "2202"]
[PlyCount "86"]
[EventDate "2010.??.??"]
[SourceDate "2010.04.10"]

1. Nf3 d6 2. d4 Bg4 3. e4 g6 4. h3 Bxf3 5. Qxf3 Bg7 6. Bc4 e6 7. c3 a6 8. O-O
c6 9. Qe2 d5 10. exd5 cxd5 11. Bd3 Ne7 12. Nd2 Nbc6 13. Nf3 Qd7 14. Bf4 Rc8 15.
Rfe1 O-O 16. a4 Kh8 17. Nd2 Rfe8 18. Nb3 Ra8 19. Nc5 Qc8 20. b4 Nb8 21. a5 Nd7
22. Qd2 Nc6 23. Bd6 e5 24. dxe5 Ncxe5 25. Bf1 Qc6 26. Bxe5 Nxe5 27. Rad1 Rad8
28. f4 Nd7 29. Qxd5 Rxe1 30. Qxc6 bxc6 31. Rxe1 Nxc5 32. bxc5 Bxc3 33. Rc1 Bxa5
34. Bxa6 Bd2 35. Rc4 Re8 36. Kf2 Re7 37. Kf3 f5 38. Rd4 Be3 39. Rd8+ Kg7 40.
Rc8 Bxc5 41. Rxc6 Re3+ 42. Kf2 Ba7 43. Rc7+ Re7+ 0-1

[Event "Saint Louis Open"]
[Site "?"]
[Date "2010.04.11"]
[Round "5"]
[White "Veyhl, Stan"]
[Black "Howe, Bob"]
[Result "0-1"]
[WhiteElo "709"]
[BlackElo "1718"]
[PlyCount "46"]
[EventDate "2010.??.??"]
[SourceDate "2010.04.10"]

1. e4 d5 2. e5 c5 3. d4 Bf5 4. Bd3 Bxd3 5. Qxd3 cxd4 6. Qxd4 Nc6 7. Qe3 e6 8.
Nf3 Qc7 9. O-O Nge7 10. b3 Nf5 11. Qe2 Ncd4 12. Nxd4 Nxd4 13. Qd3 Nxc2 14. Bb2
Nxa1 15. Bxa1 Rc8 16. Qb5+ Qc6 17. Qe2 Be7 18. Bb2 O-O 19. Qe3 b6 20. Nd2 Qc2
21. Rb1 Bc5 22. Qe2 Bb4 23. Rd1 Qxb2 0-1

[Event "Saint Louis Open"]
[Site "?"]
[Date "2010.04.10"]
[Round "2"]
[White "Tong, William"]
[Black "Kasick, Jason"]
[Result "1/2-1/2"]
[WhiteElo "1877"]
[BlackElo "2092"]
[PlyCount "82"]
[EventDate "2010.??.??"]
[SourceDate "2010.04.10"]

1. d4 Nf6 2. c4 Nc6 3. Nc3 e5 4. e3 Bb4 5. Bd2 exd4 6. Nd5 Nxd5 7. cxd5 Bxd2+
8. Qxd2 dxe3 9. fxe3 Ne5 10. Nf3 Qe7 11. Rc1 c6 12. Nxe5 Qxe5 13. Bc4 O-O 14.
O-O d6 15. Rcd1 c5 16. Qf2 Bd7 17. Bd3 Rae8 18. e4 b5 19. b3 a6 20. Qh4 c4 21.
bxc4 bxc4 22. Bxc4 Qxe4 23. Rf4 Qe3+ 24. Kh1 Bb5 25. Bxb5 axb5 26. Rdf1 f6 27.
h3 Re5 28. Qg4 Kh8 29. Rf5 Rxf5 30. Qxf5 Qe5 31. Qd3 Rb8 32. Rb1 b4 33. a3 g6
34. axb4 Rxb4 35. Rxb4 Qe1+ 36. Kh2 Qxb4 37. Qe3 Qb2 38. Qe8+ Kg7 39. Qe7+ Kg8
40. Qe8+ Kg7 41. Qe7+ Kg8 1/2-1/2

[Event "Saint Louis Open"]
[Site "?"]
[Date "2010.04.11"]
[Round "5"]
[White "Noor, Taimoor"]
[Black "Rhee, Willie"]
[Result "1-0"]
[WhiteElo "1876"]
[BlackElo "1995"]
[PlyCount "77"]
[EventDate "2010.??.??"]
[SourceDate "2010.04.10"]

1. e4 Nf6 2. e5 Nd5 3. c4 Nb6 4. d4 d6 5. exd6 exd6 6. Nc3 Be7 7. h3 Nc6 8. Nf3
Bf5 9. a3 O-O 10. Bd3 Bxd3 11. Qxd3 Na5 12. Nd2 Bg5 13. Nce4 Bxd2+ 14. Nxd2
Re8+ 15. Kf1 Qe7 16. g3 Nc6 17. b3 Nd7 18. Nf3 Nf6 19. Be3 Ne4 20. Kg2 h6 21.
Rhe1 f5 22. Ra2 Qf7 23. Rae2 g5 24. Bc1 Qd7 25. h4 g4 26. Nd2 Nf6 27. Nf1 Kg7
28. Qd2 Ng8 29. Qf4 Nce7 30. Re6 Kf7 31. d5 c6 32. Ne3 cxd5 33. Nxg4 Qxe6 34.
Rxe6 Kxe6 35. Nxh6 dxc4 36. Qxc4+ Kd7 37. Qb5+ Nc6 38. Nxg8 Rxg8 39. Qxb7+ 1-0

[Event "Saint Louis Open"]
[Site "?"]
[Date "2010.04.10"]
[Round "2"]
[White "Humphries, Dennis"]
[Black "Bange, Steve"]
[Result "1-0"]
[WhiteElo "1928"]
[BlackElo "1700"]
[PlyCount "121"]
[EventDate "2010.??.??"]
[SourceDate "2010.04.10"]

1. e4 c5 2. Nf3 d6 3. d4 cxd4 4. Nxd4 Nf6 5. Nc3 g6 6. Be2 Bg7 7. Nb3 Nc6 8.
Be3 Be6 9. O-O a5 10. Na4 Bxb3 11. axb3 O-O 12. f3 d5 13. Nb6 dxe4 14. Nxa8
Qxa8 15. c3 Rd8 16. Qb1 exf3 17. Bxf3 Nd5 18. Bc5 e6 19. Rd1 Ne5 20. Bxd5 exd5
21. Bb6 Re8 22. Rxa5 Qc8 23. Raxd5 Qe6 24. Bf2 h5 25. Rd8 Rxd8 26. Rxd8+ Kh7
27. Qd1 Qf5 28. Bg3 Ng4 29. Rd5 Qe6 30. Qd3 Qb6+ 31. Kh1 Nf6 32. Rb5 Qa6 33. h3
Ne4 34. Rxh5+ gxh5 35. Qxe4+ Kg8 36. Qe8+ Bf8 37. Kh2 Qg6 38. h4 b6 39. b4 Qh6
40. Qd8 Kh7 41. Qg5 Qxg5 42. hxg5 Kg6 43. b5 Kxg5 44. Bf2 Bd6+ 45. Kg1 Bc7 46.
c4 Kf5 47. Kf1 Ke4 48. Ke2 f5 49. b4 f4 50. c5 Kd5 51. Kf3 Kc4 52. Be1 Kd3 53.
Bh4 Kc4 54. Bg5 Kxb5 55. Bxf4 Bxf4 56. Kxf4 h4 57. cxb6 Kxb6 58. Kg5 Kb5 59.
Kxh4 Kxb4 60. g4 Kc5 61. Kg5 1-0